[Event "Buenos Aires La Porta Cup-A"]
[Site "Buenos Aires"]
[Date "2017.03.27"]
[Round "5"]
[White "Pineda Polanco, Adolfo"]
[Black "Pierrot, Juan Facundo"]
[Result "0-1"]
[WhiteElo "2176"]
[BlackElo "2392"]
[PlyCount "126"]
[EventDate "2017.03.25"]
[EventType "swiss"]
[EventRounds "9"]
[EventCountry "ARG"]
[SourceTitle "CBM 177 Extra"]
[Source "ChessBase"]
[SourceDate "2017.04.27"]
[SourceVersion "1"]
[SourceVersionDate "2017.04.27"]
[SourceQuality "1"]

1. e4 d6 2. d4 Nf6 3. Nc3 g6 4. Nf3 Bg7 5. Be2 0-0 6. 0-0 c6 7. a4 Qc7 8. h3 e5 9. dxe5 dxe5 10. Be3 Nh5 11. Qb1 Nf4 12. Bc4 Be6 13. Qa2 Nd7 14. Rfd1 Rad8 15. a5 Qb8 16. Rd2 Bxc4 17. Qxc4 Ne6 18. Rad1 Nf6 19. Rxd8 Rxd8 20. Rxd8+ Nxd8 21. Qc5 a6 22. Nd2 Bf8 23. Qc4 Ne6 24. Nb3 Qd6 25. Kf1 h5 26. Qd3 Qb4 27. Na2 Qxe4 28. Qxe4 Nxe4 29. Ke2 f6 30. f3 Ng3+ 31. Kf2 Nf5 32. Bb6 Kf7 33. Nc3 Nfd4 34. Na1 h4 35. Na4 Bd6 36. c3 Nf5 37. Nb3 Ke7 38. Nd2 Kd7 39. Ne4 Be7 40. Nac5+ Nxc5 41. Bxc5 Ng3 42. Be3 Nf5 43. Bc5 Ng3 44. Be3 Nxe4+ 45. fxe4 Bd6 46. b4 Be7 47. Kf3 f5 48. Bf2 c5 49. bxc5 Bd8 50. c4 Bxa5 51. Bxh4 Bb4 52. exf5 gxf5 53. g4 Ke6 54. Bg5 f4 55. h4 Bxc5 56. h5 a5 57. h6 Bf8 58. Ke4 a4 59. h7 Bg7 60. Bh6 Kf6 61. g5+ Kg6 62. Bxg7 Kxg7 63. Kxe5 f3 0-1

[Event "Montevideo Duchamp Cup 1st"]
[Site "Montevideo"]
[Date "2017.02.12"]
[Round "5"]
[White "Quevedo, Andreina"]
[Black "Pineda Polanco, Adolfo"]
[Result "0-1"]
[WhiteElo "1819"]
[BlackElo "2176"]
[PlyCount "83"]
[EventDate "2017.02.09"]
[EventType "swiss"]
[EventRounds "9"]
[EventCountry "URU"]
[SourceTitle "CBM 176 Extra"]
[Source "ChessBase"]
[SourceDate "2017.03.02"]
[SourceVersion "1"]
[SourceVersionDate "2017.03.02"]
[SourceQuality "1"]

1. e4 c5 2. Nf3 e6 3. d4 cxd4 4. Nxd4 a6 5. Be3 Nf6 6. Nc3 Qc7 7. Be2 b5 8. Bf3 b4 9. e5 Bb7 10. exf6 bxc3 11. 0-0 gxf6 12. Bxb7 Qxb7 13. bxc3 Rg8 14. Qf3 Qxf3 15. Nxf3 Nc6 16. Rab1 Bd6 17. Rfd1 Ke7 18. Nd2 Rgb8 19. Nc4 Rxb1 20. Rxb1 Rb8 21. Rd1 Be5 22. f4 Bxc3 23. Bc5+ Kd8 24. Rd3 Bb4 25. Bf2 Kc7 26. Bb6+ Rxb6 27. Nxb6 Bc5+ 28. Kf1 Bxb6 29. Rh3 Nb4 30. a3 Nd5 31. Rxh7 Ne3+ 32. Ke2 Nxg2 33. Rxf7 f5 34. c3 Nxf4+ 35. Kd2 Ng6 36. Rf6 Ne5 37. Ke2 Ng4 38. Rg6 Nxh2 39. c4 f4 40. Rh6 f3+ 41. Kd2 f2 42. c5 0-1

[Event "CHI-ch sf Santiago"]
[Site "Santiago de Chile"]
[Date "2016.12.10"]
[Round "4.1"]
[White "Pineda Polanco, Adolfo"]
[Black "Henriquez Villagra, Cristobal"]
[Result "0-1"]
[WhiteElo "2191"]
[BlackElo "2517"]
[PlyCount "100"]
[EventDate "2016.12.08"]
[EventType "swiss"]
[EventRounds "8"]
[EventCountry "CHI"]
[SourceTitle "EXT 2024"]
[Source "ChessBase"]
[SourceDate "2023.10.10"]
[SourceVersion "1"]
[SourceVersionDate "2023.10.10"]
[SourceQuality "1"]

1. e4 c5 2. Nf3 d6 3. d4 cxd4 4. Nxd4 Nf6 5. Nc3 Nc6 6. Bg5 e6 7. Qd2 a6 8. 0-0-0 h6 9. Be3 Be7 10. Be2 Nxd4 11. Bxd4 e5 12. Be3 Be6 13. Kb1 Rc8 14. f3 Qa5 15. Nd5 Qxd2 16. Rxd2 Bxd5 17. exd5 Nd7 18. Rd3 Rc7 19. Rb3 Bg5 20. Bb6 Nxb6 21. Rxb6 Ke7 22. Rb3 h5 23. Re1 h4 24. Bd3 Bf4 25. h3 g6 26. Re4 Rd8 27. Reb4 Rdd7 28. c3 Kf6 29. Kc2 Kg5 30. Kd1 f5 31. Ke2 Bh2 32. Kf1 Rf7 33. Be2 Rce7 34. c4 e4 35. Rc3 Rf8 36. Rc2 Bg3 37. Rb3 Rfe8 38. Ra3 exf3 39. Rxf3 Re4 40. Rd3 b5 41. b3 b4 42. Rd1 a5 43. c5 dxc5 44. d6 Rf4+ 45. Kg1 Bf2+ 46. Kf1 Bd4+ 47. Bf3 Rd8 48. d7 Kf6 49. Re1 Rxd7 50. Ke2 g5 0-1

[Event "Antofagasta Zicosur op 2nd"]
[Site "Antofagasta"]
[Date "2016.01.07"]
[Round "5"]
[White "Pujaico Escudero, Kevin Edgar"]
[Black "Pineda Polanco, Adolfo"]
[Result "0-1"]
[WhiteElo "1792"]
[BlackElo "2248"]
[PlyCount "114"]
[EventDate "2016.01.05"]
[EventType "swiss"]
[EventRounds "9"]
[EventCountry "CHI"]
[SourceTitle "CBM 170 Extra"]
[Source "ChessBase"]
[SourceDate "2016.02.25"]
[SourceVersion "1"]
[SourceVersionDate "2016.02.25"]
[SourceQuality "1"]

1. d4 Nf6 2. c4 e6 3. Nf3 d5 4. cxd5 exd5 5. Bg5 Be7 6. Nc3 0-0 7. e3 Nbd7 8. Qc2 b6 9. Bd3 Bb7 10. 0-0 h6 11. Bh4 c5 12. Rad1 c4 13. Bf5 a6 14. Ne5 b5 15. f4 Nb6 16. Bxf6 Bxf6 17. Qf2 b4 18. Ne2 a5 19. Bb1 Re8 20. Ng3 Nd7 21. Qc2 Nf8 22. Rf3 Bc8 23. h3 Qb6 24. Kh2 a4 25. b3 cxb3 26. axb3 a3 27. Nd3 Re7 28. Qd2 Rb7 29. Rc1 Be7 30. Rff1 Rba7 31. Ba2 Nd7 32. Rc2 Nf6 33. Rfc1 Bd7 34. Ne5 Be8 35. Nc6 Rc7 36. Nxe7+ Rxe7 37. Rc5 h5 38. Qd3 Rb7 39. Qd1 h4 40. Nf5 Qe6 41. Qd3 Ne4 42. Nxh4 Nxc5 43. Rxc5 Rc8 44. Bb1 g6 45. f5 Qd6+ 46. g3 Rxc5 47. dxc5 Qf6 48. fxg6 a2 49. Bxa2 Qb2+ 50. Ng2 Qxa2 51. Qxd5 Qa6 52. Nf4 Qc6 53. gxf7+ Rxf7 54. Qg5+ Rg7 55. Qd8 Qd7 56. Qxd7 Rxd7 57. Kg2 Bf7 0-1

[Event "Antofagasta Zicosur op 2nd"]
[Site "Antofagasta"]
[Date "2016.01.06"]
[Round "2"]
[White "Pineda Polanco, Adolfo"]
[Black "Granda Zuniga, Julio E"]
[Result "1/2-1/2"]
[WhiteElo "2248"]
[BlackElo "2683"]
[PlyCount "96"]
[EventDate "2016.01.05"]
[EventType "swiss"]
[EventRounds "9"]
[EventCountry "CHI"]
[SourceTitle "CBM 170 Extra"]
[Source "ChessBase"]
[SourceDate "2016.02.25"]
[SourceVersion "1"]
[SourceVersionDate "2016.02.25"]
[SourceQuality "1"]

1. e4 c5 2. Nf3 Nc6 3. d4 cxd4 4. Nxd4 e6 5. Nc3 Qc7 6. g3 a6 7. Bg2 Nge7 8. 0-0 Nxd4 9. Qxd4 Nc6 10. Qd1 Be7 11. b3 0-0 12. Bb2 d6 13. Ne2 b5 14. Qd2 Bb7 15. Rac1 Rfc8 16. Rfd1 Qb6 17. c4 Bf8 18. Rc2 bxc4 19. Rxc4 a5 20. Nc3 Ba6 21. Na4 Qb7 22. Rcc1 Nb4 23. Bd4 Bb5 24. Nb6 Rxc1 25. Rxc1 Rb8 26. Nc4 Qa6 27. Bf1 Nc6 28. a4 Nxd4 29. Qxd4 Be8 30. Na3 Qb7 31. Nb5 Bc6 32. Nxd6 Bxd6 33. Qxd6 Bxe4 34. Bb5 h6 35. Rc7 Qd5 36. Qxd5 Bxd5 37. Bc4 Bxc4 38. Rxc4 Rxb3 39. Rc5 g5 40. h3 Kg7 41. Rxa5 Ra3 42. Kg2 Kf6 43. Ra8 h5 44. Rh8 Kg6 45. Rg8+ Kh6 46. Rh8+ Kg6 47. Rg8+ Kh6 48. Rh8+ Kg6 1/2-1/2

[Event "Santiago Endesa 01"]
[Site "Santiago de Chile"]
[Date "2009.03.25"]
[Round "4"]
[White "Pineda Polanco, Adolfo"]
[Black "Caceres Vasquez, Sergio"]
[Result "1-0"]
[WhiteElo "2300"]
[BlackElo "2159"]
[PlyCount "63"]
[EventDate "2009.03.16"]
[EventType "tourn"]
[EventRounds "11"]
[EventCountry "CHI"]
[SourceTitle "EXT 2012"]
[Source "ChessBase"]
[SourceDate "2011.11.24"]
[SourceVersion "1"]
[SourceVersionDate "2011.11.24"]
[SourceQuality "1"]

1. e4 c5 2. Nf3 d6 3. d4 cxd4 4. Nxd4 Nf6 5. Nc3 a6 6. f3 e5 7. Nb3 Be6 8. Be3 Be7 9. Qd2 0-0 10. 0-0-0 Nbd7 11. g4 b5 12. g5 b4 13. Ne2 Ne8 14. Qxb4 a5 15. Qd2 a4 16. Na1 Bxa2 17. b3 d5 18. Qxd5 axb3 19. Nxb3 Bxb3 20. cxb3 Nc7 21. Qxd7 Ra1+ 22. Kc2 Ra2+ 23. Kb1 Qa8 24. Nc3 Qa3 25. Nxa2 Qxb3+ 26. Ka1 Rb8 27. Qd2 Ba3 28. Bc4 Qxc4 29. Rb1 Ra8 30. Rhc1 Bxc1 31. Rxc1 Qb3 32. Rxc7 1-0

[Event "CHI-chT"]
[Site "Santiago de Chile"]
[Date "2008.12.02"]
[Round "8"]
[White "Pineda Polanco, Adolfo"]
[Black "Vargas Maliqueo, Ivan Patricio"]
[Result "0-1"]
[WhiteElo "2315"]
[BlackElo "2207"]
[PlyCount "86"]
[EventDate "2008.11.04"]
[EventType "team-tourn"]
[EventRounds "9"]
[EventCountry "CHI"]
[SourceTitle "EXT 2012"]
[Source "ChessBase"]
[SourceDate "2011.11.24"]
[SourceVersion "1"]
[SourceVersionDate "2011.11.24"]
[SourceQuality "1"]

1. e4 c5 2. Nf3 Nc6 3. d4 cxd4 4. Nxd4 g6 5. Nc3 Bg7 6. Be3 Nf6 7. Bc4 0-0 8. 0-0 Nxe4 9. Nxe4 d5 10. Nxc6 bxc6 11. Bd3 dxe4 12. Bxe4 Ba6 13. Qxd8 Rfxd8 14. Bxc6 Rac8 15. Rfd1 Rxd1+ 16. Rxd1 Rxc6 17. Rd8+ Bf8 18. c3 Rd6 19. Rxd6 exd6 20. Bxa7 Bg7 21. f4 Bc4 22. a4 f5 23. Kf2 Kf7 24. Ke3 Ke6 25. Bd4 Bf8 26. g3 Be7 27. Bb6 Kd5 28. a5 Bf6 29. Bc7 Kc5 30. Kd2 g5 31. Ke3 g4 32. Bb6+ Kb5 33. Bc7 Kc6 34. Bb6 Bb3 35. Kd3 Kd5 36. Bc7 h5 37. Bb6 h4 38. Bc7 h3 39. Bb6 Be7 40. Ke3 Kc6 41. Kd3 Kb5 42. Ke3 Bc2 43. b4 Bh4 0-1

[Event "Santiago Endesa 09"]
[Site "Santiago de Chile"]
[Date "2008.06.30"]
[Round "1"]
[White "Ulloa Bustos, Juan"]
[Black "Pineda Polanco, Adolfo"]
[Result "0-1"]
[WhiteElo "2118"]
[BlackElo "2300"]
[PlyCount "56"]
[EventDate "2008.06.30"]
[EventType "tourn"]
[EventRounds "9"]
[EventCountry "CHI"]
[SourceTitle "EXT 2012"]
[Source "ChessBase"]
[SourceDate "2011.11.24"]
[SourceVersion "1"]
[SourceVersionDate "2011.11.24"]
[SourceQuality "1"]

1. d4 Nf6 2. Nf3 e6 3. Bg5 d5 4. e3 Be7 5. Bd3 0-0 6. 0-0 b6 7. Nbd2 c5 8. c3 Nc6 9. dxc5 bxc5 10. Qa4 Bd7 11. Qh4 Re8 12. e4 h6 13. exd5 hxg5 14. Nxg5 Ne5 15. Bh7+ Kf8 16. Be4 Bd6 17. dxe6 Bxe6 18. Bxa8 Qxa8 19. Nde4 Ng6 20. Nxe6+ Rxe6 21. Qg5 Qxe4 22. Rad1 Re5 23. Qd2 Rd5 24. Qc1 Nf4 25. f3 Ne2+ 26. Kf2 Ng4+ 27. Ke1 Qe6 28. Qc2 Nxc3+ 0-1